Úloha univerzít vo výmene a transfere poznatkov s hospodárskou a spoločenskou praxou

Úloha moderných univerzít v poznatkovej spoločnosti. Transdisciplinarita ako nový prístup vo vede. Zodpovedné partnerstvo ako program podpory spoločného výskumu univerzít, vedeckých ústavov a subjektov hospodárskej praxe. Mechanizmy transferu poznatkov vedy do praxe. Marketing vedy.

Salvato in:
Dettagli Bibliografici
Autore principale: Lesáková, Dagmar, 1949-
Natura: Capitolo di libro
Lingua:slovacco
Soggetti:
Tags: Aggiungi Tag
Nessun Tag, puoi essere il primo ad aggiungerne!!

MARC

LEADER 00000naa$a2200000$$$4500
001 0091200
005 20240502072022.4
041 0 |a slo 
044 |a SK 
245 1 0 |a Úloha univerzít vo výmene a transfere poznatkov s hospodárskou a spoločenskou praxou  |c Dagmar Lesáková 
520 |a Úloha moderných univerzít v poznatkovej spoločnosti. Transdisciplinarita ako nový prístup vo vede. Zodpovedné partnerstvo ako program podpory spoločného výskumu univerzít, vedeckých ústavov a subjektov hospodárskej praxe. Mechanizmy transferu poznatkov vedy do praxe. Marketing vedy. 
610 2 0 |a výskum 
610 2 0 |a univerzity 
610 2 0 |a spoločnosť vedomostná 
610 2 0 |a vzdelávanie 
610 2 0 |a vedomosti 
610 2 0 |a marketing 
100 1 |a Lesáková, Dagmar, 1949-